Electronics Resource Management The Modern Scenario/ (Record no. 206670)
[ view plain ]
| 000 -LEADER | |
|---|---|
| fixed length control field | 00751nam a2200205 4500 |
| 005 - DATE AND TIME OF LATEST TRANSACTION | |
| control field | 20241024105816.0 |
| 010 ## - LCCN (DPL NO) | |
| LC control number | ENG-142389 |
| 020 ## - INTERNATIONAL STANDARD BOOK NUMBER | |
| Terms of availability | 400.00 |
| International Standard Book Number | 9789387002142 |
| 035 ## - SYSTEM CONTROL NUMBER | |
| System control number | EN-125921 |
| 037 ## - SOURCE OF ACQUISITION | |
| Source of stock number/acquisition | DBAD |
| 082 ## - DEWEY DECIMAL CLASSIFICATION NUMBER | |
| Classification number | 025.04 |
| 245 ## - TITLE STATEMENT | |
| Title | Electronics Resource Management The Modern Scenario/ |
| Remainder of title | Edited by Sanjay Kumar Karn and Basanta Kumar Das |
| 250 ## - EDITION STATEMENT | |
| Edition statement | First |
| 260 ## - PUBLICATION, DISTRIBUTION, ETC. (IMPRINT) | |
| Name of publisher, distributor, etc | Disha International publishing House |
| Place of publication, distribution, etc | Uttar Pradesh |
| Date of publication, distribution, etc | 2018 |
| 270 ## - ADDRESS | |
| Address | 88, Bhunna Taga P. S. Rabupura |
| City | Greater Noida |
| Postal code | 203209 |
| Telephone number | 9760316934 |
| -- | 7080806934 |
| Electronic mail address | dishainternatioinalpublishing@gmail.com |
| 300 ## - PHYSICAL DESCRIPTION | |
| Extent | 238p. |
| Dimensions | 22cm(pb) |
| 700 ## - ADDED ENTRY--PERSONAL NAME | |
| Personal name | Sanjay Kumar Karn |
| 9 (RLIN) | 73328 |
| 700 ## - ADDED ENTRY--PERSONAL NAME | |
| Personal name | Basanta Kumar Das |
| 9 (RLIN) | 73329 |
| 942 ## - ADDED ENTRY ELEMENTS (KOHA) | |
| Source of classification or shelving scheme | Dewey Decimal Classification |
| Item type | English Books |
| Classification part | 025.04 |
| Call number suffix | ELE |
| Edition | 2018 |
| Withdrawn status | Lost status | Not for loan | Collection code | Home library | Current library | Date acquired | Source of acquisition | Cost, normal purchase price | Full call number | Barcode | Copy number | Cost, replacement price | Koha item type |
|---|---|---|---|---|---|---|---|---|---|---|---|---|---|
| Non-fiction | Central Library | Central Library | 24/10/2024 | DBAD | 400.00 | 025.04 ELE | EN-125921 | 1 | 400.00 | English Books |
